000 00246nam a2200097Ia 4500
001 796794
005 20250826170754.0
008 250824s9999 xx 000 0 und d
245 0 _aYALNIZLIK SEK İÇİLİR
_cAHMET DEMİR
260 _bDESTEK YAYINLARI
999 _c796794
_d796794